000 00746nam a22001937a 4500
005 20251108172833.0
008 250721s1999 xx 000 0 ara d
082 1 4 _a615.89/شيخ
100 1 _aشيخو، محمد أمين
245 1 0 _aمعجزة القرن العشرين الدواء العجيب /
246 1 3 _aالذي شفى من مرض القلب القاتل و الشلل و الناعور و الشقيقة و العقم و السرطان الحجامة علم طبي في منظوره الجديد
264 1 _aدمشق :
_bدار نور البشير،
_c1999.
300 _a478 ص.
650 1 7 _aالطب العربي
650 1 7 _aالطب الشرعي
650 1 7 _aالحجامة
942 _2ddc
_cBK
999 _c89719
_d89719